[Event "NED-ch U14"]
[Site "Assen"]
[Date "2018.05.02"]
[Round "5"]
[White "Tiggelman, Vincent"]
[Black "Albers, Sasa"]
[Result "0-1"]
[WhiteElo "1394"]
[BlackElo "1336"]
[PlyCount "100"]
[EventDate "2018.04.29"]
[EventType "swiss"]
[EventRounds "9"]
[EventCountry "NED"]
[SourceTitle "CBM 184 Extra"]
[Source "ChessBase"]
[SourceDate "2018.06.28"]
[SourceVersion "1"]
[SourceVersionDate "2018.06.28"]
[SourceQuality "1"]

1. e4 c6 2. d4 d5 3. exd5 cxd5 4. Bd3 Nc6 5. c3 Nf6 6. h3 e6 7. Bf4 Bd6 8. Bxd6 Qxd6 9. Nf3 Bd7 10. Nbd2 0-0 11. 0-0 Rac8 12. Re1 Qc7 13. Ne5 Na5 14. g4 h6 15. h4 g6 16. Qf3 Kg7 17. Qf4 b5 18. Re3 Nc4 19. Ndxc4 dxc4 20. Be4 Nxe4 21. Qxe4 Bc6 22. Nxc6 Qxc6 23. Qxc6 Rxc6 24. Re5 Rb8 25. Rae1 b4 26. Ra5 bxc3 27. bxc3 Rc7 28. Kg2 Rb2 29. Ra3 Rcb7 30. Re5 Rc2 31. Rea5 Rbb2 32. Rxa7 Rxf2+ 33. Kg3 Rg2+ 34. Kh3 Rh2+ 35. Kg3 Rbg2+ 36. Kf3 Rc2 37. g5 hxg5 38. hxg5 Rxc3+ 39. Rxc3 Rh3+ 40. Ke2 Rxc3 41. a4 Rg3 42. a5 Rxg5 43. a6 Ra5 44. Kd2 Ra3 45. Kc2 c3 46. Kd3 g5 47. Rc7 Rxa6 48. Rxc3 Ra1 49. Ke4 Re1+ 50. Kf3 f5 0-1

[Event "NED-ch U14"]
[Site "Assen"]
[Date "2018.04.30"]
[Round "2"]
[White "Tiggelman, Vincent"]
[Black "Bleeker, Kasper"]
[Result "0-1"]
[WhiteElo "1394"]
[BlackElo "1737"]
[PlyCount "58"]
[EventDate "2018.04.29"]
[EventType "swiss"]
[EventRounds "9"]
[EventCountry "NED"]
[SourceTitle "CBM 184 Extra"]
[Source "ChessBase"]
[SourceDate "2018.06.28"]
[SourceVersion "1"]
[SourceVersionDate "2018.06.28"]
[SourceQuality "1"]

1. e4 e5 2. Nc3 Nc6 3. Bc4 Nf6 4. d3 d6 5. f4 Bg4 6. Nf3 Nd4 7. 0-0 Be7 8. h3 Nxf3+ 9. Rxf3 Bxf3 10. Qxf3 Qd7 11. Be3 0-0 12. f5 c6 13. Qg3 d5 14. exd5 cxd5 15. Nxd5 Nxd5 16. Bxd5 Qxd5 17. Bh6 Qd4+ 18. Kh1 Bf6 19. Bxg7 Bh4 20. Bxe5+ Bxg3 21. Bxd4 Rfe8 22. a3 Re2 23. c4 Rae8 24. Bc3 Rc2 25. f6 Ree2 26. Rf1 Rxg2 27. Rf5 Rh2+ 28. Kg1 Rc1+ 29. Rf1 Rxf1+ 0-1